000 00657nam a2200217 a 4500
005 20140310183342.0
008 070109s19uu xx 00 eng d
020 _a0471357146
050 _aNA 2708
_b.C66 2001
100 _aCooper, Douglas
245 _aDrawing and perceiving :
_blife drawing for students of architechture and design /
_cDouglas Cooper.
250 _a3rd ed.
260 _aNew York :
_bJohn Wiley & Sons, Inc,
_c2001.
300 _a208 p. :
_bill. ;
_c21 cm.
500 _aIncludes Index.
521 _aMA
650 _aArchitectural drawing
_xtechnique.
650 _aVisual perception.
942 _cBK
_2lcc
_kFOR
999 _c21837
_d21837